000 01210nam a22003017a 4500
003 DO-SdBNP
005 20220429113321.0
007 ta
008 220427b2021 |||a|||| |||| 001 0 spa d
020 _a9789945221480
040 _aDO-SdBNP
_bspa
_cBNPHU
082 1 _222
_a460.7
_bA347m
100 1 _937636
_aAlcántara Crisóstomo, Emeterio
245 1 0 _aManual práctico de redacción :
_btemas que todo bachiller debe dominar /
_cEmeterio Alcántara Crisóstomo ; fotofrafias de Envato Elements
260 _aSanto Domingo :
_bEscuela de Expresión Escrita Prof. Emeterio Alcántara,
_c2021.
300 _a100 p. :
_bil.; fot.
_c27 cm
490 _aPara escribir bien
504 _aBibliografía : p.100.
505 0 0 _aPresentación --
505 0 _a1. La relación
_g1.1 Concepto --
_g1.2 Características de una buena redacción --
505 0 _t2. Categorías gramaticales --
_a2. Categorías gramaticales --
_g2.1. Categorías gramaticales --
_g2.2. El adverbio --
505 0 0 _aEl anunciado
650 4 _aRedacción de escritos técnicos
650 4 _aRedacción informativa e interpletativa
_981529
700 1 _aEnvato,Elements
_eFots.
_981530
910 _aSaquino
942 _2ddc
_cLBS1
999 _c51600
_d51600